000 00399nam a2200133Ia 4500
008 191206s9999 xx 000 0 und d
020 _a0316596833 (pbk.)
090 _aHD31M2942
245 0 _aManaging Organizations: Readings and cases
260 _a"Little, Brown"
260 _ccc1982
300 _a"xi, 557 p. : ill. ; 24 cm."
999 _c16431
_d16431